Abstracts of papers presented at the reykjabvik conference on responsible fisheries in the marine ecosystem

Guardat en:
Dades bibliogràfiques
Format: Llibre
Idioma:Undetermined
Publicat: Rome, Italy FAO 2002
Matèries:
Etiquetes: Afegir etiqueta
Sense etiquetes, Sigues el primer a etiquetar aquest registre!
Thư viện lưu trữ: Trung tâm Học liệu Trường Đại học Cần Thơ
LEADER 00452nam a2200145Ia 4500
001 CTU_52896
008 210402s9999 xx 000 0 und d
082 |a 639 
082 |b R425/No.658s 
245 0 |a Abstracts of papers presented at the reykjabvik conference on responsible fisheries in the marine ecosystem 
260 |a Rome, Italy 
260 |b FAO 
260 |c 2002 
650 |a fisheries 
980 |a Trung tâm Học liệu Trường Đại học Cần Thơ